00696 a2200157 4500020001500000040001300015082001600028100002000044245004200064260006100106300003100167500002200198505026900220650002800489650002100517 a0790610914 aDLCbDLC00a621.381/0451 aMartin, Vaughn,10aOptoelectronicscby Vaughn D. Martin. aIndianapolis, IN :bPrompt Publications,cc1997-. av. <1-3> :bill. ;c28 cm. aIncludes indexes.0 av. l. The introduction. A self-teaching text, including basic concepts, photometrics, optics -- v. 2. Intermediate study. A self-teaching text, including radiometrics, color CRTs, projects -- v. 3. Lab mnual. A self-teaching text, including projects, labs, review. 0aOptoelectronic devices. 0aOptoelectronics.